| 000 | 00813nam a2200205 a 4500 | ||
|---|---|---|---|
| 001 | 000038490 | ||
| 005 | 20201002031257.0 | ||
| 008 | 130412s20uu dr 000 0 spa d | ||
| 020 | _a9789993444800 | ||
| 040 |
_aDO-SdBNP _bspa _cBNPHU |
||
| 100 | 1 |
_aLíz Frías, Ramón Rigoberto _964838 |
|
| 245 | 1 | 3 |
_aLa demanda en partición de bienes entre convivientes / _cRamón Rigoberto Líz Frías, Eusebio Antonio Martínez Sosa ; prólogo Augusto Robert Castro. |
| 260 |
_aSanto Domingo : _bDalís, _c[20-?]. |
||
| 300 |
_a144 p. _a25 cm. |
||
| 500 | _aIncluye datos biográficos de los autores en la contracubierta | ||
| 500 | _aIncluye notas al pie de las páginas | ||
| 504 | _aBibliografía : p. 141-144 | ||
| 700 | 1 |
_aMartínez Sosa, Eusebio Antonio _964839 |
|
| 700 | 1 |
_aRobert Castro, Augusto, _epról. _964840 |
|
| 999 |
_c37980 _d37980 |
||